Arte sacro /
Guardado en:
| Autor Corporativo: | |
|---|---|
| Formato: | |
| Materias: | |
| Etiquetas: |
Agregar Etiqueta
Sin Etiquetas, Sea el primero en etiquetar este registro!
|
| LEADER | 01044ngm a22002775g 4500 | ||
|---|---|---|---|
| 001 | CEM.cems022291 | ||
| 008 | 130507b1997##################0###0#####d | ||
| 005 | 20241028152705.0 | ||
| 245 | 1 | 0 | |a Arte sacro / |c Secretaría De Cultura De La Nación. |
| 300 | |a 22'. | ||
| 500 | |a En soporte VHS, consultar en ventanilla. | ||
| 505 | 0 | |a Función del arte al servicio de la religión. Importancia de la imagen religiosa. Las misiones jesuíticas: integración del arte europeo e indígena. Iglesias argentinas. | |
| 538 | |a Soporte: VHS - Norma: Pal N - Color: Si - Grabación DRD 1997 - Hitachi=5384 | ||
| 110 | 2 | |a Secretaría de Cultura de la Nación. | |
| 082 | 7 | 0 | |/ DUB |
| 653 | |a ARTE | ||
| 653 | |a HISTORIA DEL ARTE | ||
| 653 | |a ARTE RELIGIOSO | ||
| 653 | |a MISIONES JESUITICAS | ||
| 653 | |a ARTE SACRO | ||
| 653 | |a IMAGEN RELIGIOSA | ||
| 653 | |a IGLESIAS ARGENTINAS | ||
| 653 | |a ARTE EURO-INDIGENA | ||
| 653 | |a NIVEL PRIMARIO | ||
| 653 | |a NIVEL SECUNDARIO | ||
| 859 | |a CEMS |b BIB. CEMS - Depto. Recursos Didacticos |h 700 |i DUB |k DRD |p 934.12 |t Ej.1 | ||
